000 00289nam a2200121Ia 4500
005 20251222155059.0
008 251222s9999||||xx |||||||||||||| ||spa||
082 _aEDUM.16
100 _aRODRIGUEZ DE LOS.
245 0 _aDiseƱo de estrategias de aprendizaje
264 _bURP
942 _cLIB
999 _c37588
_d37588